00940nam a2200229Ia 4500008004100000020001800041050001800059050001400077245005700091245004300148260001300191260002000204260000900224300002100233300001100254500019500265650003400460650003700494700004300531999001900574952011700593160319s9999 xx 000 0 und d a9789712725463 aFil 350.9599  bG562 2011 aGlobal civil society movements in the Philippines /  cedited by Teresa S. Encarnacion Tadem. aManila : bAnvil Pub. Inc. c2011 axx, 302 pages ;  c23 cm. a"First published as: Localizing as transnationalizing contentious politics : global civil society movements in the Philippines / Teresa S. Encarnacion Tadem. Lanham, Md., 2009" --T.p. verso. aCivil society -- Philippines. aSocial movements -- Philippines. aTadem, Teresa S. Encarnacion., editor. c292349d292349 001040aSSISBbSSISBcFILd2016-03-19l0oFil 350.9599 G562 2011pUS- 1935r2016-03-19 00:00:00w2016-03-19yBK